Modernization and revolution in china : (Record no. 41500)

MARC details
000 -LEADER
fixed length control field 00927nam a22002537a 4500
005 - DATE AND TIME OF LATEST TRANSACTION
control field 20100813105052.0
010 ## - LCCN (DPL NO)
LC control number ENG-100137
020 ## - INTERNATIONAL STANDARD BOOK NUMBER
International Standard Book Number 9789380502144
Terms of availability 525.00
035 ## - SYSTEM CONTROL NUMBER
System control number EN-83669
037 ## - SOURCE OF ACQUISITION
Source of stock number/acquisition DBAD/PUB
082 ## - DEWEY DECIMAL CLASSIFICATION NUMBER
Classification number 951.05
100 ## - MAIN ENTRY--PERSONAL NAME
Personal name Grasso, June
245 ## - TITLE STATEMENT
Title Modernization and revolution in china :
Remainder of title from the opium wars to the olmypics /
Statement of responsibility, etc by June Grasso, Jay Corrin [and] Michael Kort
250 ## - EDITION STATEMENT
Edition statement 4th ed
260 ## - PUBLICATION, DISTRIBUTION, ETC. (IMPRINT)
Place of publication, distribution, etc New Delhi
Name of publisher, distributor, etc K W Publishers
Date of publication, distribution, etc 2010
270 ## - ADDRESS
Address 4676/21, First Follr, Ansari Road, Daryaganj,
City New Delhi
Postal code 110002
300 ## - PHYSICAL DESCRIPTION
Extent xi, 337p.:
Dimensions 23cm (pbk)
Other physical details ill
500 ## - GENERAL NOTE
General note Includes index
650 ## - SUBJECT ADDED ENTRY--TOPICAL TERM
Topical term or geographic name as entry element China
700 ## - ADDED ENTRY--PERSONAL NAME
Personal name Corrin, Jay
9 (RLIN) 12202
700 ## - ADDED ENTRY--PERSONAL NAME
Personal name Kort, Michael
9 (RLIN) 12203
942 ## - ADDED ENTRY ELEMENTS (KOHA)
Source of classification or shelving scheme Dewey Decimal Classification
Item type English Books
Classification part 951.05
Call number suffix GRA
Holdings
Withdrawn status Lost status Not for loan Collection code Home library Current library Date acquired Source of acquisition Cost, normal purchase price Full call number Barcode Copy number Cost, replacement price Koha item type
    Not For Loan Non-fiction D.B.Act.Division D.B.Act.Division 13/08/2010 DBAD/PUB 525.00 951.05 GRA EN-83669 1 525.00 English Books

© Delhi Public Library
Hit Counter
free hit counter